<?xml version="1.0" encoding="UTF-8"?>
<record
    xmlns:xsi="http://www.w3.org/2001/XMLSchema-instance"
    xsi:schemaLocation="http://www.loc.gov/MARC21/slim http://www.loc.gov/standards/marcxml/schema/MARC21slim.xsd"
    xmlns="http://www.loc.gov/MARC21/slim">

  <leader>00262nam a22001097a 4500</leader>
  <datafield tag="040" ind1=" " ind2=" ">
    <subfield code="c">SK</subfield>
  </datafield>
  <datafield tag="082" ind1=" " ind2=" ">
    <subfield code="a">581</subfield>
  </datafield>
  <datafield tag="100" ind1=" " ind2=" ">
    <subfield code="a">KUY sophal; &#x1782;&#x17BD;&#x1799; &#x179F;&#x17BB;&#x1795;&#x179B;</subfield>
  </datafield>
  <datafield tag="245" ind1=" " ind2=" ">
    <subfield code="a">Plant Morphology; &#x179A;&#x17BB;&#x1780;&#x17D2;&#x1781;&#x179C;&#x17B7;&#x1791;&#x17D2;&#x1799;&#x17B6;</subfield>
  </datafield>
  <datafield tag="260" ind1=" " ind2=" ">
    <subfield code="a">RUA </subfield>
    <subfield code="b">581</subfield>
    <subfield code="c">1994</subfield>
  </datafield>
  <datafield tag="942" ind1=" " ind2=" ">
    <subfield code="c">KB</subfield>
  </datafield>
  <datafield tag="999" ind1=" " ind2=" ">
    <subfield code="c">8419</subfield>
    <subfield code="d">8419</subfield>
  </datafield>
  <datafield tag="952" ind1=" " ind2=" ">
    <subfield code="0">0</subfield>
    <subfield code="1">0</subfield>
    <subfield code="4">0</subfield>
    <subfield code="6">581_000000000000000_KUY_1994_C171</subfield>
    <subfield code="7">0</subfield>
    <subfield code="9">48231</subfield>
    <subfield code="a">LBC</subfield>
    <subfield code="b">LBC</subfield>
    <subfield code="c">C171</subfield>
    <subfield code="d">2016-07-27</subfield>
    <subfield code="o">581 kuy 1994 C171</subfield>
    <subfield code="p">RUA037315</subfield>
    <subfield code="r">2016-10-13</subfield>
    <subfield code="y">KB</subfield>
  </datafield>
  <datafield tag="952" ind1=" " ind2=" ">
    <subfield code="0">0</subfield>
    <subfield code="1">0</subfield>
    <subfield code="4">0</subfield>
    <subfield code="6">581_000000000000000_KUY_1994_C171</subfield>
    <subfield code="7">0</subfield>
    <subfield code="9">48232</subfield>
    <subfield code="a">LBC</subfield>
    <subfield code="b">LBC</subfield>
    <subfield code="c">C071</subfield>
    <subfield code="d">2016-07-27</subfield>
    <subfield code="o">581 kuy 1994 C171</subfield>
    <subfield code="p">RUA037300</subfield>
    <subfield code="r">2016-07-27</subfield>
    <subfield code="y">KB</subfield>
  </datafield>
  <datafield tag="952" ind1=" " ind2=" ">
    <subfield code="0">0</subfield>
    <subfield code="1">0</subfield>
    <subfield code="4">0</subfield>
    <subfield code="6">581_000000000000000_KUY_1994_C171</subfield>
    <subfield code="7">0</subfield>
    <subfield code="9">48233</subfield>
    <subfield code="a">LBC</subfield>
    <subfield code="b">LBC</subfield>
    <subfield code="c">C171</subfield>
    <subfield code="d">2016-07-27</subfield>
    <subfield code="l">1</subfield>
    <subfield code="o">581 kuy 1994 C171</subfield>
    <subfield code="p">RUA037214</subfield>
    <subfield code="r">2025-08-26</subfield>
    <subfield code="s">2025-07-02</subfield>
    <subfield code="y">KB</subfield>
  </datafield>
  <datafield tag="952" ind1=" " ind2=" ">
    <subfield code="0">0</subfield>
    <subfield code="1">0</subfield>
    <subfield code="4">0</subfield>
    <subfield code="6">581_000000000000000_KUY_1994_C171</subfield>
    <subfield code="7">0</subfield>
    <subfield code="9">48234</subfield>
    <subfield code="a">LBC</subfield>
    <subfield code="b">LBC</subfield>
    <subfield code="c">C171</subfield>
    <subfield code="d">2016-07-27</subfield>
    <subfield code="o">581 kuy 1994 C171</subfield>
    <subfield code="p">RUA036481</subfield>
    <subfield code="r">2016-07-27</subfield>
    <subfield code="y">KB</subfield>
  </datafield>
  <datafield tag="952" ind1=" " ind2=" ">
    <subfield code="0">0</subfield>
    <subfield code="1">0</subfield>
    <subfield code="4">0</subfield>
    <subfield code="6">581_000000000000000_KUY_1994_C171</subfield>
    <subfield code="7">0</subfield>
    <subfield code="9">48235</subfield>
    <subfield code="a">LBC</subfield>
    <subfield code="b">LBC</subfield>
    <subfield code="c">C171</subfield>
    <subfield code="d">2016-07-27</subfield>
    <subfield code="l">1</subfield>
    <subfield code="o">581 kuy 1994 C171</subfield>
    <subfield code="p">RUA036421</subfield>
    <subfield code="r">2018-08-01</subfield>
    <subfield code="s">2018-07-16</subfield>
    <subfield code="y">KB</subfield>
  </datafield>
  <datafield tag="952" ind1=" " ind2=" ">
    <subfield code="0">0</subfield>
    <subfield code="1">0</subfield>
    <subfield code="4">0</subfield>
    <subfield code="6">581_000000000000000_KUY_1994_C171</subfield>
    <subfield code="7">0</subfield>
    <subfield code="9">48236</subfield>
    <subfield code="a">LBC</subfield>
    <subfield code="b">LBC</subfield>
    <subfield code="c">C171</subfield>
    <subfield code="d">2016-07-27</subfield>
    <subfield code="l">1</subfield>
    <subfield code="o">581 kuy 1994 C171</subfield>
    <subfield code="p">RUA037246</subfield>
    <subfield code="r">2018-05-29</subfield>
    <subfield code="s">2018-05-07</subfield>
    <subfield code="y">KB</subfield>
  </datafield>
  <datafield tag="952" ind1=" " ind2=" ">
    <subfield code="0">0</subfield>
    <subfield code="1">0</subfield>
    <subfield code="4">0</subfield>
    <subfield code="6">581_000000000000000_KUY_1994_C171</subfield>
    <subfield code="7">0</subfield>
    <subfield code="9">48237</subfield>
    <subfield code="a">LBC</subfield>
    <subfield code="b">LBC</subfield>
    <subfield code="c">C171</subfield>
    <subfield code="d">2016-07-27</subfield>
    <subfield code="o">581 kuy 1994 C171</subfield>
    <subfield code="p">RUA037306</subfield>
    <subfield code="r">2016-10-13</subfield>
    <subfield code="y">KB</subfield>
  </datafield>
  <datafield tag="952" ind1=" " ind2=" ">
    <subfield code="0">0</subfield>
    <subfield code="1">0</subfield>
    <subfield code="4">0</subfield>
    <subfield code="6">581_000000000000000_KUY_1994_C171</subfield>
    <subfield code="7">0</subfield>
    <subfield code="9">48238</subfield>
    <subfield code="a">LBC</subfield>
    <subfield code="b">LBC</subfield>
    <subfield code="c">C171</subfield>
    <subfield code="d">2016-07-27</subfield>
    <subfield code="o">581 kuy 1994 C171</subfield>
    <subfield code="p">RUA037367 </subfield>
    <subfield code="r">2016-10-13</subfield>
    <subfield code="y">KB</subfield>
  </datafield>
  <datafield tag="952" ind1=" " ind2=" ">
    <subfield code="0">0</subfield>
    <subfield code="1">0</subfield>
    <subfield code="4">0</subfield>
    <subfield code="6">581_000000000000000_KUY_1994_C171</subfield>
    <subfield code="7">0</subfield>
    <subfield code="9">48239</subfield>
    <subfield code="a">LBC</subfield>
    <subfield code="b">LBC</subfield>
    <subfield code="c">C171</subfield>
    <subfield code="d">2016-07-27</subfield>
    <subfield code="o">581 kuy 1994 C171</subfield>
    <subfield code="p">RUA037422</subfield>
    <subfield code="r">2016-10-13</subfield>
    <subfield code="y">KB</subfield>
  </datafield>
  <datafield tag="952" ind1=" " ind2=" ">
    <subfield code="0">0</subfield>
    <subfield code="1">0</subfield>
    <subfield code="4">0</subfield>
    <subfield code="6">581_000000000000000_KUY_1994_C171</subfield>
    <subfield code="7">0</subfield>
    <subfield code="9">48240</subfield>
    <subfield code="a">LBC</subfield>
    <subfield code="b">LBC</subfield>
    <subfield code="c">C171</subfield>
    <subfield code="d">2016-07-27</subfield>
    <subfield code="l">2</subfield>
    <subfield code="m">1</subfield>
    <subfield code="o">581 kuy 1994 C171</subfield>
    <subfield code="p">RUA037427</subfield>
    <subfield code="r">2017-09-04</subfield>
    <subfield code="s">2017-02-13</subfield>
    <subfield code="y">KB</subfield>
  </datafield>
</record>
